000 00222 a2200097 4500
001 6709
100 _aGerstl, J E
245 _aEngineers: The anrlomy of a Profession
260 _a
_bTavistock Pub
_c
090 _c5562
_d5562
942 _aNUST-CAE
_cM
_c32003
999 _c241782
_d241782